| 000 | 00742nam a2200193Ia 4500 | ||
|---|---|---|---|
| 003 | GCL | ||
| 008 | 140319s9999 xx 000 0 ara d | ||
| 040 |
_aGCL / _cGCL |
||
| 082 | 0 | 4 |
_a810.94 _bع خ |
| 100 | 1 | _aعبداللطيف محمد السيدالحديدى | |
| 245 | 1 | 0 |
_aالخصومة بين القدماء والمحدثين فى العصر العباسى الاول / _cعبداللطيف محمد السيدالحديدى |
| 300 | _a180 ص | ||
| 490 |
_aكتاب _v0 |
||
| 650 | 0 | 4 | _aالادب العربى |
| 650 | 0 | 4 | _aالادب العربى - تاريخ ونقد |
| 650 | 0 | 4 | _aالادباء - تاريخ وتقد |
| 650 | 0 | 4 | _aالادب العربى - تاريخ ونقد - العصر العباسى |
| 942 |
_2ddc _cBK |
||
| 999 |
_c42056 _d42056 |
||